Library Banner

10 years of Pakistan in Statistics : 1972-82 (Record no. 5130)

MARC details
000 -LEADER
fixed length control field 00452nam a2200169Ia 4500
001 - CONTROL NUMBER
control field 5040
003 - CONTROL NUMBER IDENTIFIER
control field PK-LaUMT
005 - DATE AND TIME OF LATEST TRANSACTION
control field 20221112142618.0
008 - FIXED-LENGTH DATA ELEMENTS--GENERAL INFORMATION
fixed length control field 140319s9999 xx 000 0 und d
040 ## - CATALOGING SOURCE
Transcribing agency PK-LaUMT
082 ## - DEWEY DECIMAL CLASSIFICATION NUMBER
Classification number R 315.491
Item number TEN-
245 ## - TITLE STATEMENT
Title 10 years of Pakistan in Statistics : 1972-82
260 ## - PUBLICATION, DISTRIBUTION, ETC. (IMPRINT)
Place of publication, distribution, etc Karachi,Pakistan:
Name of publisher, distributor, etc Federal Bureau of Statistics, Govt. of Pakistan,
Date of publication, distribution, etc 1983
300 ## - PHYSICAL DESCRIPTION
Extent 616 p.
546 ## - LANGUAGE NOTE
Language note EN
942 ## - ADDED ENTRY ELEMENTS (KOHA)
Koha item type Stocktaking Record 2001
Source of classification or shelving scheme Dewey Decimal Classification
Holdings
Withdrawn status Lost status Damaged status Not for loan Home library Current library Date acquired Total Checkouts Full call number Barcode Date last seen Date checked out Price effective from Koha item type
        UMT Main Campus UMT Main Campus 2014-03-19 1 R 315.491 TEN- 5500 2015-07-30 2015-07-29 2014-03-19 Books